LIBRARY & INFORMATION CENTRE, KCAET, TAVANUR

ONLINE PUBLIC ACCESS CATALOGUE (OPAC)

First course in mathematical statistics / (Record no. 9116)

MARC details
000 -LEADER
fixed length control field 00548cam a2200217ua 4500
041 ## - LANGUAGE CODE
Language code of text/sound track or separate title eng
082 ## - DEWEY DECIMAL CLASSIFICATION NUMBER
Classification number 519.51
Item number WEA/FI
100 ## - MAIN ENTRY--AUTHOR NAME
Personal name Weatherburn, C E .
245 ## - TITLE STATEMENT
Title First course in mathematical statistics /
250 ## - EDITION STATEMENT
Edition statement 2 /
260 ## - PUBLICATION, DISTRIBUTION, ETC. (IMPRINT)
Place of publication London :
Name of publisher English Language Book Society ,
Year of publication 1962.
300 ## - PHYSICAL DESCRIPTION
Number of Pages 277 ; .
942 ## - ADDED ENTRY ELEMENTS (KOHA)
Koha item type Books
Holdings
Withdrawn status Lost status Damaged status Home library Current library Date acquired Full call number Accession Number Koha item type
      KAUAET KAUAET 07/04/2012 519.51 WEA/FI 9199 Books
      KAUAET KAUAET 07/04/2012 519.51 WEA/FI 9202 Books
      KAUAET KAUAET 07/04/2012 519.51 WEA/FI 9200 Books
      KAUAET KAUAET 07/04/2012 519.51 WEA/FI 9201 Books
free website counter